Govt. of
Madhya Pradesh

SIR CHHOTU RAM (Record no. 64525)

MARC details
000 -LEADER
fixed length control field 00474nam a22001697a 4500
003 - CONTROL NUMBER IDENTIFIER
control field MACL
005 - DATE AND TIME OF LATEST TRANSACTION
control field 20211205162038.0
008 - FIXED-LENGTH DATA ELEMENTS--GENERAL INFORMATION
fixed length control field 211205b |||||||| |||| 00| 0 eng d
040 ## - CATALOGING SOURCE
Transcribing agency MACL
082 ## - DEWEY DECIMAL CLASSIFICATION NUMBER
Classification number 320/SIN
100 ## - MAIN ENTRY--PERSONAL NAME
Personal name SINGH,BALBIR
9 (RLIN) 81151
245 ## - TITLE STATEMENT
Title SIR CHHOTU RAM
Remainder of title A Saga of inspirational leadership
260 ## - PUBLICATION, DISTRIBUTION, ETC. (IMPRINT)
Place of publication, distribution, etc. NEW DELHI
Name of publisher, distributor, etc. Ministy of Informatio and Broadcasting Government of India
Date of publication, distribution, etc. 2009
300 ## - PHYSICAL DESCRIPTION
Extent p350
650 ## - SUBJECT ADDED ENTRY--TOPICAL TERM
Topical term or geographic name as entry element Political Science
942 ## - ADDED ENTRY ELEMENTS (KOHA)
Source of classification or shelving scheme
Koha item type Books
Holdings
Withdrawn status Lost status Source of classification or shelving scheme Damaged status Not for loan Home library Current library Date acquired Cost, normal purchase price Total Checkouts Full call number Barcode Date last seen Date last checked out Price effective from Koha item type
          MACL MACL 05/12/2021 190.00 1 320/SIN CRE026303 02/05/2024 07/12/2021 05/12/2021 Books